Le francais international (Livre du maitre 2)
保存先:
| 第一著者: | |
|---|---|
| フォーマット: | 図書 |
| 言語: | Undetermined |
| 出版事項: |
Montreal, Canadá
Centre Educatif et Culturel
1974
|
| 主題: | |
| タグ: |
タグ追加
タグなし, このレコードへの初めてのタグを付けませんか!
|
MARC
| LEADER | 00000nam a2200000Ia 4500 | ||
|---|---|---|---|
| 008 | 170316s9999 xx 000 0 und d | ||
| 090 | |a 415-F C-1fr v.2 | ||
| 100 | |a Calvé, Pierre | ||
| 245 | |a Le francais international (Livre du maitre 2) | ||
| 260 | |a Montreal, Canadá | ||
| 260 | |b Centre Educatif et Culturel | ||
| 260 | |c 1974 | ||
| 300 | |a 187 páginas | ||
| 650 | |a GRAMÁTICA FRANCESA | ||
| 999 | |c 19147 |d 19147 | ||
| 040 | |a cru BVZT | ||
| 942 | |c 15 D |h 415-F C-1fr v.2 |2 z | ||
